000 00581nam a2200193Ia 4500
005 20250508153709.0
008 008 250505s9999 xx 000 0 eng d
037 _aTextual
040 _aFEDL
_beng
_cFEDL
041 _aeng
_2eng
084 _a370.1, FRE
_qFEDL
100 _aFrench Sidney J. Ed.
_995073
245 0 _aAccent on teaching : Experiments in general education
260 _aNew York, USA
_bHarper and Brothers Publishers
_c1954
300 _axii,334p.
650 _aEducation-Philosophy
942 _cTEXL
_h370.1, FRE
999 _c1344825
_d1344825